Normal view
MARC view
- Selected Qutations
Entry Topical Term
001 - CONTROL NUMBER
- control field: 107651
003 - CONTROL NUMBER IDENTIFIER
- control field: NUST
005 - DATE AND TIME OF LATEST TRANSACTION
- control field: 20230125142736.0
008 - FIXED-LENGTH DATA ELEMENTS
- fixed length control field: 230125|| aca||aabn | a|a d
040 ## - CATALOGING SOURCE
- Original cataloging agency: NUST
- Transcribing agency: NUST
150 ## - HEADING--TOPICAL TERM
- Topical term or geographic name entry element: Selected Qutations
670 ## - SOURCE DATA FOUND
- Source citation: Work cat.: (NUST): Coelho, Paulo 3636, Life :, 2007
